| 000 | 01513nam0a22003371 4500 | ||
|---|---|---|---|
| 001 | RU\INFOCOMM_322\NLR\5000220596 | ||
| 005 | 20250613112032.0 | ||
| 035 | _a(NLR Aleph) 009601941 | ||
| 090 |
_a9316456 _c9316456 |
||
| 100 | _a20130311d1980 |||y0rusy50 ca | ||
| 101 | 0 | _aeng | |
| 102 | _aRU | ||
| 105 | _ay z ||||| | ||
| 200 | 1 |
_aOn the reduction of Yang-Mills potentials in gauge field theories with spontaneously broken symmetry _fL. Nikolova, V. A. Rizov |
|
| 210 |
_aДубна _cОбъед. ин-т ядер. исслед. _d1980 |
||
| 215 |
_a6 с. _d21 см |
||
| 225 | 1 |
_aСообщения Объединенного института ядерных исследований, Дубна _vE5-80-485 |
|
| 300 | _aНа 2-й с. обл.: О редукции потенциалов Янга-Миллса в калибровочных теориях со спонтанным нарушением симметрии / Николова Л., Ризов В. А. | ||
| 300 | _aРез. на рус. яз. | ||
| 320 | _aБиблиогр.: с. 5-6 | ||
| 606 | 0 |
_aКвантовая теория поля калибровочная _xПотенциалы Янга-Миллса _2nlr_sh1 |
|
| 686 |
_aВ315.2 _2rubbk |
||
| 686 |
_aВ382.1 _2rubbk |
||
| 700 | 1 |
_9z01790 _aNikolova-Apostolova _bL. _gLiliana |
|
| 701 | 1 |
_aRizov _bV. A. |
|
| 790 | 1 |
_9z01700 _aNikolova _bL. _4070 |
|
| 801 | 1 |
_aRU _bInfocomm _c20130311 |
|
| 801 | 0 |
_aRU _bINFOCOMM _gPSBO |
|
| 852 |
_aNLR _jФз01 Д-4/1365 |
||
| 942 | _cBOOK | ||
| 980 | _aNB | ||